Digital Wireless Communication Hardware Co-Simulation (DWCHCS) / (Record no. 611736)
[ view plain ]
| 000 -LEADER | |
|---|---|
| fixed length control field | 01626nam a22001817a 4500 |
| 003 - CONTROL NUMBER IDENTIFIER | |
| control field | NUST |
| 005 - DATE AND TIME OF LATEST TRANSACTION | |
| control field | 20240923140553.0 |
| 082 ## - DEWEY DECIMAL CLASSIFICATION NUMBER | |
| Classification number | 621.382,AUR |
| 100 ## - MAIN ENTRY--PERSONAL NAME | |
| Personal name | Aurangzeb, Haider |
| 9 (RLIN) | 125994 |
| 245 ## - TITLE STATEMENT | |
| Title | Digital Wireless Communication Hardware Co-Simulation (DWCHCS) / |
| Statement of responsibility, etc. | Haider Aurangzeb, Usama Kabir, Shahzeb Hashmat, Zain Ali. |
| 260 ## - PUBLICATION, DISTRIBUTION, ETC. | |
| Place of publication, distribution, etc. | MCS, NUST |
| Name of publisher, distributor, etc. | Rawalpindi |
| Date of publication, distribution, etc. | 2024 |
| 300 ## - PHYSICAL DESCRIPTION | |
| Extent | 62 p |
| 505 ## - FORMATTED CONTENTS NOTE | |
| Formatted contents note | Digital communication systems are pivotal in today's world, yet undergraduates often struggle to understand them fully. Traditional teaching methods prioritize theory over practical application. Our project aims to provide students with hands-on experience in implementing digital communication blocks. With Adalm Pluto hardware and GNU Radio software, students will engage in practical experimentation. This approach facilitates a deeper understanding of concepts like source coding and modulation techniques. The first phase of our methodology focuses on learning the theoretical concepts while the second phase covers the practical application. Some of the core goals of the project can be stated as follows: Students should be able to demonstrate working wireless communication prototypes, receive digital signals from specific sources, and retrieve the information contained in these messages. It develops the skills that are relevant to the current digital communication and signal processing fields as well as engineering challenges that will face the learners in the future. |
| 650 ## - SUBJECT ADDED ENTRY--TOPICAL TERM | |
| Topical term or geographic name entry element | UG EE Project |
| 9 (RLIN) | 118090 |
| 651 ## - SUBJECT ADDED ENTRY--GEOGRAPHIC NAME | |
| Geographic name | BEE-57 |
| 9 (RLIN) | 125983 |
| 700 ## - ADDED ENTRY--PERSONAL NAME | |
| Personal name | Supervisor Dr. Faisal Akram |
| 9 (RLIN) | 125995 |
| 942 ## - ADDED ENTRY ELEMENTS (KOHA) | |
| Source of classification or shelving scheme | |
| Koha item type | Project Report |
No items available.
